000 00801nam a2200289Ia 4500
005 20260324112322.0
008 008 260324s9999 xx 000 0 eng d
020 _a9781003265610
037 _aEBOOK
040 _aCRL
040 _beng
040 _cCRL
041 _2eng
041 _aeng
084 _qCRL
100 _aUwe Herrmann; Margaret Hills de Zárate; Heather M. Hunter; Salvo Pitruzzella
_91142202
245 0 _aArts Therapies and the Mental Health of Children and Young People
245 0 _bContemporary Research, Theory, and Practice, Volume 2
260 _bTaylor and Francis
260 _c2024
365 _a
365 _b220
856 _uhttp://www.taylorfrancis.com/books/9781003265610
942 _cEBOOK
999 _c1731361
_d1731361